000 00807nam a2200193Ii 4500
003 JO-AjNU
008 230605s9999||||xx |||||||||||||| ||und||
040 _aJO-AjNU
_bara
_erda
_cJO-AjNU
041 _aara
050 1 4 _aBP161.2.G4222 1986
100 3 _aالغزالي،أبي حامد ,
_eauthor
_920982
245 0 0 _aمجموعة رسائل الإمام الغزالي القسطاس المستقيم ، منهاج العارفين ، الرسالة اللدنية ، فيصل التفرقة ، ايها الولد
264 3 1 _aبيروت: دار الكتب العلمية، 1986
300 _a174ص
336 _atext
_btxt
_2rdacontent
337 _aunmediated
_bn
_2rdamedia
338 _avolume
_bnc
_2rdacarrier
650 4 _aالاخلاق الاسلامية- التصوف الاسلامي
_920983
999 _aA7213
_c10781
_d10781